Obowiązkowe utwory literackie w klasach VII/VIII - Statystyki

Ogólne statystyki
  • Ten quiz został rozwiązany 445 razy
  • Średni wynik to 9 z 19
Statystyki odpowiedzi
Autor Utwór % Poprawnych
Aleksander Fredro Zemsta
93%
Antoine de Saint-Exupery Mały Książe
87%
Adam Mickiewicz Pan Tadeusz
86%
Jan Kochanowski Treny
81%
Charles Dickens Opowieść Wigilijna
80%
Aleksander Kamiński Kamienie na szaniec
75%
Adam Mickiewicz Dziady cz. II
73%
Juliusz Słowacki Balladyna
62%
Henryk Sienkiewicz Quo Vadis
58%
Stefan Żeromski Syzyfowe Prace
44%
Henryk Sienkiewicz Latarnik
35%
Adam Mickiewicz Świtezianka
33%
Ignacy Krasicki Żona modna
22%
Adam Mickiewicz Reduta Ordona
21%
Sławomir Mrożek Artysta
17%
Melchior Wańkowicz Ziele na kraterze
17%
Adam Mickiewicz Śmierć Pułkownika
16%
Adam Mickiewicz Sonety Krymskie
15%
Melchior Wańkowicz Tędy i owędy
7%
Nie znaleziono quizów pasujących do podanych kryteriów
Rozkład punktacji
Procent ludzi z każdym wynikiem
Percentyl według liczby udzielonych odpowiedzi
Twoja historia wyników
Nie rozwiązałeś tego quizu